00382nam a2200121Ia 4500001000800000005001700008008004100025020001800066245004700084260002000131999002100151952008800172126665720260417145118.0260417s9999 xx 000 0 und d a9789752110212 0aKaptan Düşükdon 4. KitapcDav Pilkey bAltın Kitaplar c1266657d1266657 00104070a1110b1110d2026-04-17l0p1110289r2026-04-17 14:51:18w2026-04-17yBK